Music Quiz

Random Music or Billboard Quiz
Score 0/25 Timer 05:00
0 Plays Today
Song Artist % Correct
9 - SexyBackJustin Timberlake
96.5%
5 - Hips Don't LieShakira
93.4%
19 - SOSRihanna
88.3%
22 - London BridgeFergie
86.7%
4 - You're Beautiful'James Blunt
77.6%
3 - PromiscuousNelly Furtado
76.4%
23 - Dani CaliforniaRed Hot Chili Peppers
73.1%
7 - CrazyGnarls Barkley
70.9%
15 - ButtonsPussycat Dolls
69.3%
12 - GrillzNelly
68.6%
20 - I Write Sins Not TragediesPanic! at the Disco
65.9%
16 - Run It!Chris Brown
65.1%
1 - Bad DayDaniel Powter
64.8%
Song Artist % Correct
2 - TemperatureSean Paul
56.9%
6 - UnwrittenNatasha Bedingfield
53.3%
10 - Check on ItBeyoncé
52.5%
17 - So SickNe-Yo
51.2%
11 - Be Without YouMary J.Blige
42.7%
8 - Ridin'Chamillionaire
42.4%
24 - Snap Yo FingersLil Jon
39.8%
13 -Over My Head (Cable Car)The Fray
39.1%
21 - Move AlongThe All-American Rejects
33.1%
14 - Me & UCassie
22.2%
18 - It's Goin' DownYung Joc
10.9%
25 - Lean wit It, Rock wit ItDem Franchize Boyz
8%
Remove Ads.
Support Sporcle.
Get the best of Sporcle when you Go Orange. This ad-free experience offers more features, more stats, and more fun while also helping to support Sporcle. Thank you for becoming a member.

You're not logged in!

Compare scores with friends on all Sporcle quizzes.
OR
Log In

Sporcle TV

Today on Sporcle TV


Watch our educational content, quiz creation guides, and fun videos on Sporcle TV.

Show Comments

Extras

Top Quizzes Today


Score Distribution

Paid Content

Your Account Isn't Verified!

In order to create a playlist on Sporcle, you need to verify the email address you used during registration. Go to your Sporcle Settings to finish the process.

Report this User

Report this user for behavior that violates our Community Guidelines.

Details: